000 00851nam a2200241 a 4500
001 000023816
005 20251017115024.0
008 110113s1999 ag a r 000 0 spa d
020 _a9501712311
040 _aDO-SdBNP
_bspa
_cBNPHU
082 _a616.89156
_bC545c, 1999
100 1 _aChoa, Kok Sui
_949025
240 1 4 _aThe ancient science and art of pranic psychotherapy.
245 1 3 _aLa ciencia y el arte antiguo de psicoterapia pránica /
_cChoa Kok Sui ; traducido del inglés por Héctor V. Morel.
250 _a2a ed.
260 _aBuenos Aires :
_bKier,
_c1999.
300 _a171 p. :
_bil. ;
_c23 cm.
500 _aIncluye apéndices
534 _aTítulo original inglés :
_tThe ancient science and art of pranic psychotherapy
650 0 _aPsicoterapia
_9465
650 4 _aEstrés
_941636
700 1 2 _aHéctor V. Morel.
_etr.
_949026
999 _c23312
_d23312